书目信息 |
| 题名: |
与官员谈乡村振兴
|
|
| 作者: | 张孝德 著 | |
| 分册: | 下册 | |
| 出版信息: | 北京 中共中央党校出版社 2019.1 |
|
| 页数: | 455-818页 | |
| 开本: | 17cm | |
| 丛书名: | ||
| 单 册: | ||
| 中图分类: | F320.3 | |
| 科图分类: | ||
| 主题词: | 农村--社会主义建设--研究--中国 | |
| 电子资源: | ||
| ISBN: | 978-7-5035-6454-3 | |
| 000 | 00942nam0 2200229 450 | |
| 001 | 012018277720 | |
| 005 | 20200529125040.5 | |
| 010 | @a978-7-5035-6454-3@dCNY64.00 | |
| 100 | @a20200529d2019 em y0chiy0110 ea | |
| 101 | 0 | @achi |
| 102 | @aCN@b110000 | |
| 105 | @af z 000zy | |
| 106 | @ar | |
| 200 | 1 | @a与官员谈乡村振兴@9Yu Guan Yuan Tan Xiang Cun Zhen Xing @f张孝德著@h下册 |
| 210 | @a北京@c中共中央党校出版社@d2019.1 | |
| 215 | @a455-818页@d17cm | |
| 330 | @a乡村振兴的最终目标,就是要不断提高村民在产业发展中的参与度和受益面,彻底解决农村产业和农民就业问题,确保当地群众长期稳定增收、安居乐业。农业农村农民问题是关系国计民生的根本性问题,必须始终把解决好“三农”问题作为全党工作重中之重,实施乡村振兴战略。本书从多方面为读者提供乡村振兴战略的解读。 | |
| 606 | 0 | @a农村@x社会主义建设@x研究@y中国 |
| 690 | 0 | @aF320.3@v5 |
| 701 | 0 | @a张孝德@9Zhang Xiao De @4著 |
| 801 | 0 | @aCN@b人天书店@c20200529 |
| 905 | @aTSG@dF320.3@eZ210:2@f1 | |
| 与官员谈乡村振兴/张孝德著.下册.-北京:中共中央党校出版社,2019.1 |
| 455-818页;17cm |
| ISBN 978-7-5035-6454-3:CNY64.00 |
| 乡村振兴的最终目标,就是要不断提高村民在产业发展中的参与度和受益面,彻底解决农村产业和农民就业问题,确保当地群众长期稳定增收、安居乐业。农业农村农民问题是关系国计民生的根本性问题,必须始终把解决好“三农”问题作为全党工作重中之重,实施乡村振兴战略。本书从多方面为读者提供乡村振兴战略的解读。 |
| ● |
| 相关链接 |
|
|
|
正题名:与官员谈乡村振兴
索取号:F320.3/Z210:2
 
预约/预借
| 序号 | 登录号 | 条形码 | 馆藏地/架位号 | 状态 | 备注 |
| 1 | 1534983 | 215349834 | 社科库409/409社科库 33排1列4层/ [索取号:F320.3/Z210:2] | 在馆 |